Knowledge management for high performance (Record no. 72694)

000 -LEADER
fixed length control field 00922pab a2200169 454500
008 - FIXED-LENGTH DATA ELEMENTS--GENERAL INFORMATION
fixed length control field 180718b2006 xxu||||| |||| 00| 0 eng d
100 ## - MAIN ENTRY--PERSONAL NAME
Personal name Pillania, Rajesh K.
245 ## - TITLE STATEMENT
Title Knowledge management for high performance
260 ## - PUBLICATION, DISTRIBUTION, ETC.
Date of publication, distribution, etc. 2006
300 ## - PHYSICAL DESCRIPTION
Extent p.516-23.
362 ## - DATES OF PUBLICATION AND/OR SEQUENTIAL DESIGNATION
Dates of publication and/or sequential designation Jan-Mar
520 ## - SUMMARY, ETC.
Summary, etc. This paper is an attempt to study the role of knowledge management in high performance. The study covers macro and micro aspects in both private and public sectors of the Indian industry, by a comprehensive coverage of international experts, domestic experts and employees in selected high performance organizations. The result show that Knowledge management is in the introduction stage in India. Indian public sector in particular needs to reorient itself to the changing times and embrace Knowledge management. - Reproduced.
650 ## - SUBJECT ADDED ENTRY--TOPICAL TERM
Topical term or geographic name entry element Knowledge management
773 ## - HOST ITEM ENTRY
Main entry heading Productivity
908 ## - PUT COMMAND PARAMETER (RLIN)
Put command parameter N
909 ## -
-- 72694
Holdings
Withdrawn status Lost status Damaged status Not for loan Permanent Location Current Location Date acquired Serial Enumeration / chronology Barcode Date last seen Price effective from Koha item type
        Indian Institute of Public Administration Indian Institute of Public Administration 2018-07-19 Volume no: 46, Issue no: 4 AR73154 2018-07-19 2018-07-19 Articles

Powered by Koha